Kiswahili na utaifa nchini Kenya / (Record no. 1961)

000 -LEADER
fixed length control field 01186cam a2200325 i 4500
001 - CONTROL NUMBER
control field 17886916
003 - CONTROL NUMBER IDENTIFIER
control field OSt
005 - DATE AND TIME OF LATEST TRANSACTION
control field 20150901084105.0
008 - FIXED-LENGTH DATA ELEMENTS--GENERAL INFORMATION
fixed length control field 130916s2012 ke b 000 0 swa
010 ## - LIBRARY OF CONGRESS CONTROL NUMBER
LC control number 2013441246
020 ## - INTERNATIONAL STANDARD BOOK NUMBER
International Standard Book Number 9789966028365
040 ## - CATALOGING SOURCE
Original cataloging agency DLC
Language of cataloging eng
Transcribing agency DLC
Description conventions rda
042 ## - AUTHENTICATION CODE
Authentication code lcode
-- pcc
043 ## - GEOGRAPHIC AREA CODE
Geographic area code f-ke---
050 00 - LIBRARY OF CONGRESS CALL NUMBER
Classification number P119.32.K4K57 2012
245 00 - TITLE STATEMENT
Title Kiswahili na utaifa nchini Kenya /
Statement of responsibility, etc wahariri, Clara Momanyi, Kimani Njogu, Mwenda Mukuthuria.
260 ## - PUBLICATION, DISTRIBUTION, ETC. (IMPRINT)
Place of publication, distribution, etc Nairobi
Name of publisher, distributor, etc Twaweza Communications
Date of publication, distribution, etc 2012
300 ## - PHYSICAL DESCRIPTION
Extent v, 192 pages ;
Dimensions 22 cm
504 ## - BIBLIOGRAPHY, ETC. NOTE
Bibliography, etc Includes bibliographical references.
520 ## - SUMMARY, ETC.
Summary, etc On the Swahili language and nationalism in Kenya.
650 #0 - SUBJECT ADDED ENTRY--TOPICAL TERM
Topical term or geographic name as entry element Swahili language
General subdivision Political aspects
Geographic subdivision Kenya.
650 #0 - SUBJECT ADDED ENTRY--TOPICAL TERM
Topical term or geographic name as entry element Nationalism
Geographic subdivision Kenya.
650 #0 - SUBJECT ADDED ENTRY--TOPICAL TERM
Topical term or geographic name as entry element Language policy
Geographic subdivision Kenya.
700 1# - ADDED ENTRY--PERSONAL NAME
Personal name Momanyi, Clara,
Relator term editor of compilation.
700 1# - ADDED ENTRY--PERSONAL NAME
Personal name Njogu, Kimani,
Relator term editor of compilation.
700 1# - ADDED ENTRY--PERSONAL NAME
Personal name Mukuthuria, Mwenda,
Relator term editor of compilation.
906 ## - LOCAL DATA ELEMENT F, LDF (RLIN)
a 7
b cbc
c origode
d 3
e ncip
f 20
g y-gencatlg
942 ## - ADDED ENTRY ELEMENTS (KOHA)
Source of classification or shelving scheme
Koha item type Audio
Holdings
Withdrawn status Lost status Source of classification or shelving scheme Damaged status Not for loan Home library Current library Shelving location Date acquired Total Checkouts Full call number Barcode Date last seen Date checked out Copy number Price effective from Koha item type
          Riara University Library Riara University Library General stack 01/09/2015 1 P119.32.K4K57 2012 6564/15 25/08/2025 19/08/2025 C.1 01/09/2015 Audio
          Riara University Library Riara University Library General stack 01/09/2015 2 P119.32.K4K57 2012 6565/15 28/02/2017 24/02/2017 C.2 01/09/2015 Audio
          Riara University Library Riara University Library General stack 01/09/2015   P119.32.K4K57 2012 6566/15 01/09/2015   C.3 01/09/2015 Audio

Riara University Library,
P.O. Box 49940-00100,
Nairobi, Kenya.